Química orgánica 3 /

Guardado en:
Autor Principal: Magnetti, Renée César
Formato: Libro
Publicado: Buenos Aires : Ed. Personales, 1998
Materias:
Etiquetas: Agregar Etiqueta
Sin Etiquetas, Sea el primero en etiquetar este registro!
LEADER 00616nam a22002175a 4500
001 CEM.cems017070
005 20101005153919.0
008 130507s1998##################000#0#####d
003 CEMS
020 |a 9879629140 
082 0 4 |a 547 
100 1 |a Magnetti, Renée César 
245 1 0 |a Química orgánica 3 /  |c Renée César Magnetti 
260 |a Buenos Aires :  |b Ed. Personales,  |c 1998 
300 |a 133 p. 
653 |a Química 
653 |a Química orgánica 
653 |a Química-polimodal 
653 |a Bioquímica 
653 |a Hidrocarburos 
859 |a CEMS  |b BIB. CEMS - Agricultura  |h 547  |i M274  |p A0476.03  |t Ej.1  |v 1  |3 Vol. 1